[Event "BCF-chT2 2324 (4NCL)"]
[Site "England"]
[Date "2024.02.10"]
[Round "5.22"]
[White "Atako, Chino"]
[Black "Jones, Steven"]
[Result "1-0"]
[WhiteElo "1985"]
[BlackElo "2266"]
[PlyCount "67"]
[EventDate "2023.11.11"]
[EventType "team-tourn"]
[EventRounds "11"]
[EventCountry "ENG"]
[SourceTitle "CB11_2024"]
[SourceDate "2024.03.13"]
[SourceVersion "1"]
[SourceVersionDate "2024.03.13"]
[SourceQuality "1"]
[WhiteTeam "Cambridge University II"]
[BlackTeam "The Audible Checks"]
[WhiteTeamCountry "ENG"]
[BlackTeamCountry "ENG"]

1. d4 Nf6 2. c4 g6 3. Nc3 d5 4. cxd5 Nxd5 5. Nf3 Bg7 6. g3 Nb6 7. Bg2 Nc6 8. Bf4 0-0 9. 0-0 Nxd4 10. Nxd4 e5 11. Nc6 Qxd1 12. Rfxd1 exf4 13. Ne7+ Kh8 14. Nxc8 Raxc8 15. Bxb7 Rb8 16. Ba6 fxg3 17. hxg3 Bxc3 18. bxc3 Rbd8 19. Rd4 c5 20. Re4 Rfe8 21. Rxe8+ Rxe8 22. Rd1 Kg7 23. e3 Re4 24. Bb5 a6 25. Bxa6 Ra4 26. Bb5 Rxa2 27. Rd6 Na4 28. Rd7 Nxc3 29. Bc4 Ra4 30. Bxf7 Kf6 31. Bg8 h5 32. Rc7 Ne4 33. Rc6+ Ke5 34. f4+ 1-0

[Event "World Amateur-ch U2300"]
[Site "Muscat"]
[Date "2023.11.08"]
[Round "7"]
[White "Nsubuga, Haruna"]
[Black "Atako, Chino"]
[Result "1-0"]
[WhiteElo "2118"]
[BlackElo "2004"]
[PlyCount "58"]
[EventDate "2023.11.02"]
[EventType "swiss"]
[EventRounds "9"]
[EventCountry "OMN"]
[SourceTitle "CB46_2023"]
[SourceDate "2023.11.15"]
[SourceVersion "1"]
[SourceVersionDate "2023.11.15"]
[SourceQuality "1"]

1. e4 e6 2. d3 d5 3. Nd2 Nf6 4. Ngf3 Be7 5. g3 0-0 6. Bg2 c5 7. 0-0 Nc6 8. Re1 Rb8 9. c3 b5 10. e5 Nd7 11. d4 b4 12. Bf1 a5 13. Bd3 cxd4 14. cxd4 Qb6 15. Nf1 Ba6 16. Bb1 Rbc8 17. h4 Rfe8 18. Be3 Nf8 19. N1h2 b3 20. a3 a4 21. g4 Na5 22. g5 Rc7 23. Ng4 Rec8 24. Nf6+ Kh8 25. Nh2 Rc2 26. Qh5 Bd3 27. Qxf7 Bxf6 28. gxf6 gxf6 29. Bh6 Ng6 1-0

[Event "Newcastle Northumbria Masters"]
[Site "Newcastle on Tyne"]
[Date "2022.08.29"]
[Round "7"]
[White "Bezuidenhout, Roland Reinhold"]
[Black "Atako, Chino"]
[Result "0-1"]
[WhiteElo "2269"]
[BlackElo "2007"]
[PlyCount "70"]
[EventDate "2022.08.26"]
[EventType "swiss"]
[EventRounds "9"]
[EventCountry "ENG"]
[SourceTitle "CBM 210 Extra"]
[Source "ChessBase"]
[SourceDate "2022.11.30"]
[SourceVersion "1"]
[SourceVersionDate "2022.11.30"]
[SourceQuality "1"]

1. e4 d6 2. d4 Nf6 3. Nc3 e5 4. Nf3 Nbd7 5. g4 h6 6. Rg1 c6 7. h4 Qa5 8. Qe2 Qb6 9. g5 exd4 10. e5 dxc3 11. exf6+ Kd8 12. b3 Nc5 13. fxg7 Bxg7 14. gxh6 Bxh6 15. Bxh6 Rxh6 16. Rg8+ Kc7 17. Ng5 Ne6 18. Nxf7 Rf6 19. Ng5 Nxg5 20. hxg5 Rf5 21. Re8 Bd7 22. Rxa8 Re5 23. Qxe5 dxe5 24. Rd1 Qb4 25. Bc4 Bf5 26. Rg8 b5 27. Rg7+ Kb6 28. Rd8 Bxc2 29. Rb8+ Kc5 30. Rc7 Qa3 31. Rxb5+ Kd6 32. Rbb7 Qc1+ 33. Ke2 Bd1+ 34. Kd3 Qd2+ 35. Ke4 Qf4+ 0-1

[Event "Newcastle Northumbria Masters"]
[Site "Newcastle on Tyne"]
[Date "2022.08.28"]
[Round "5"]
[White "Jones, Steven"]
[Black "Atako, Chino"]
[Result "1/2-1/2"]
[WhiteElo "2210"]
[BlackElo "2007"]
[PlyCount "72"]
[EventDate "2022.08.26"]
[EventType "swiss"]
[EventRounds "9"]
[EventCountry "ENG"]
[SourceTitle "CBM 210 Extra"]
[Source "ChessBase"]
[SourceDate "2022.11.30"]
[SourceVersion "1"]
[SourceVersionDate "2022.11.30"]
[SourceQuality "1"]

1. e4 c5 2. Nf3 d6 3. d4 cxd4 4. Nxd4 Nf6 5. Nc3 a6 6. h3 e6 7. g4 d5 8. exd5 Nxd5 9. Nde2 Bb4 10. Bd2 Nxc3 11. Nxc3 Nc6 12. Bg2 0-0 13. Bxc6 bxc6 14. Qf3 Bb7 15. 0-0-0 Qa5 16. Nb1 Bxd2+ 17. Rxd2 Qxa2 18. Rd7 Rab8 19. Qa3 Qc4 20. Rhd1 c5 21. Qc3 Qb4 22. Qe5 Bd5 23. Rd2 Qa4 24. Rc7 Qa1 25. c4 Bxc4 26. Rxf7 Kxf7 27. Rd7+ Ke8 28. Qxb8+ Kxd7 29. Qxf8 Bd3 30. Qf7+ Kd6 31. Qf8+ Kd5 32. Qd8+ Ke4 33. Qa8+ Kd4 34. Qd8+ Ke4 35. Qa8+ Kd4 36. Qd8+ Ke4 1/2-1/2

[Event "BCF-chT3Sa 1718 (4NCL)"]
[Site "England"]
[Date "2017.11.12"]
[Round "2.12"]
[White "Brozel, Sacha"]
[Black "Atako, Chino"]
[Result "1/2-1/2"]
[WhiteElo "2164"]
[BlackElo "2082"]
[PlyCount "60"]
[EventDate "2017.11.11"]
[EventType "team-tourn"]
[EventRounds "11"]
[EventCountry "ENG"]
[SourceTitle "EXT 2020"]
[Source "ChessBase"]
[SourceDate "2019.10.17"]
[SourceVersion "1"]
[SourceVersionDate "2019.10.17"]
[SourceQuality "1"]
[WhiteTeam "Barnet Knights"]
[BlackTeam "Cambridge University II"]
[WhiteTeamCountry "ENG"]
[BlackTeamCountry "ENG"]

1. c4 e6 2. g3 c5 3. Bg2 Nc6 4. Nf3 Nf6 5. 0-0 Be7 6. d4 cxd4 7. Nxd4 0-0 8. Nc3 a6 9. b3 Qc7 10. Bb2 d6 11. Rc1 Ne5 12. Qd2 Bd7 13. e4 Ng6 14. Kh1 Rfe8 15. f4 Rad8 16. f5 Ne5 17. fxe6 fxe6 18. Nce2 Bf8 19. Nf4 Nf7 20. Nc2 Ne5 21. Ne3 Qb8 22. Rcd1 Bc6 23. Qe2 b6 24. Nd3 Qb7 25. Nxe5 dxe5 26. Bxe5 Nxe4 27. Rf4 Bc5 28. Rxd8 Rxd8 29. Bxe4 Bxe3 30. Bxc6 Qxc6+ 1/2-1/2

[Event "Hastings Masters op 91st"]
[Site "Hastings"]
[Date "2015.12.30"]
[Round "3"]
[White "Atako, Chino"]
[Black "Taylor, Adam C"]
[Result "1-0"]
[WhiteElo "2050"]
[BlackElo "2282"]
[PlyCount "91"]
[EventDate "2015.12.28"]
[EventType "swiss"]
[EventRounds "9"]
[EventCountry "ENG"]
[SourceTitle "CBM 170 Extra"]
[Source "ChessBase"]
[SourceDate "2016.02.25"]
[SourceVersion "1"]
[SourceVersionDate "2016.02.25"]
[SourceQuality "1"]

1. d4 d5 2. c4 c6 3. Nc3 Nf6 4. Nf3 dxc4 5. a4 Bf5 6. e3 e6 7. Bxc4 Bb4 8. 0-0 0-0 9. h3 c5 10. Na2 Ba5 11. Qb3 Qc7 12. dxc5 Qxc5 13. Nd4 Nc6 14. Nxf5 Qxf5 15. Qb5 Ne5 16. Be2 a6 17. Qxb7 Rfb8 18. Qe7 Qc2 19. Bd1 Qe4 20. Qc5 Bb6 21. Qc2 Qh4 22. b4 Rc8 23. Qe2 Ne4 24. Bb3 Nc3 25. Nxc3 Rxc3 26. Rb1 Rd8 27. Bd2 Rcd3 28. Rfd1 R3d6 29. Be1 Nd3 30. Bc2 Nxe1 31. Qxe1 Qc4 32. Rxd6 Rxd6 33. Bb3 Qe4 34. Rc1 g5 35. Rc8+ Rd8 36. Bc2 Qe5 37. Qc3 Qd6 38. g3 Qd7 39. Rc6 Rb8 40. a5 Bd8 41. Rxa6 Qb7 42. Qd3 Kf8 43. Rd6 Bc7 44. Rd4 h5 45. Qh7 h4 46. Qh6+ 1-0

[Event "High Wycombe e2e4 op"]
[Site "High Wycombe"]
[Date "2014.05.10"]
[Round "2"]
[White "Atako, Chino"]
[Black "Sowray, Peter John"]
[Result "1/2-1/2"]
[WhiteElo "2032"]
[BlackElo "2348"]
[PlyCount "108"]
[EventDate "2014.05.09"]
[EventType "swiss"]
[EventRounds "5"]
[EventCountry "ENG"]
[SourceTitle "EXT 2015"]
[Source "ChessBase"]
[SourceDate "2014.11.20"]
[SourceVersion "1"]
[SourceVersionDate "2014.11.20"]
[SourceQuality "1"]

1. e4 d6 2. d4 Nf6 3. Nc3 g6 4. Bg5 Bg7 5. Qd2 h6 6. Bf4 g5 7. Be3 Ng4 8. 0-0-0 Nc6 9. h4 Nxe3 10. fxe3 Bg4 11. Nf3 e6 12. hxg5 hxg5 13. Be2 Qf6 14. Rxh8+ Bxh8 15. e5 Qg7 16. exd6 cxd6 17. Ne4 0-0-0 18. Bb5 Bxf3 19. gxf3 f5 20. Nf2 Kb8 21. c3 g4 22. Rg1 Rg8 23. fxg4 Qf6 24. Rf1 fxg4 25. Nxg4 Qh4 26. Nh2 Bf6 27. Nf3 Qh6 28. Kb1 Be7 29. e4 Qh3 30. Qh2 Qg4 31. Bd3 Rf8 32. Qe2 a6 33. Nd2 Qxe2 34. Rxf8+ Bxf8 35. Bxe2 e5 36. Nf3 exd4 37. cxd4 Bg7 38. d5 Nd4 39. Nxd4 Bxd4 40. Kc2 Kc7 41. b4 Kb6 42. Kb3 Be5 43. Ka4 Bc3 44. Bg4 Be5 45. a3 Bb2 46. Kb3 Be5 47. a4 a5 48. bxa5+ Kxa5 49. Bd7 b6 50. Kc4 Bh2 51. Kd3 Be5 52. Ke2 Bh2 53. Kf3 Be5 54. Kg4 Bh2 1/2-1/2

[Event "Hampstead op U2200 11-B"]
[Site "Hampstead"]
[Date "2013.11.30"]
[Round "2"]
[White "Millward, David J"]
[Black "Atako, Chino"]
[Result "1/2-1/2"]
[WhiteElo "1921"]
[BlackElo "2101"]
[PlyCount "92"]
[EventDate "2013.11.30"]
[EventType "swiss"]
[EventRounds "5"]
[EventCountry "ENG"]
[SourceTitle "EXT 2015"]
[Source "ChessBase"]
[SourceDate "2014.11.20"]
[SourceVersion "1"]
[SourceVersionDate "2014.11.20"]
[SourceQuality "1"]

1. e4 c5 2. Nc3 g6 3. f4 Bg7 4. Nf3 Nc6 5. g3 d6 6. Bg2 Bg4 7. 0-0 Nf6 8. d3 0-0 9. Be3 Qd7 10. Qd2 Rab8 11. Rae1 b5 12. e5 Nh5 13. exd6 exd6 14. Ng5 h6 15. Nge4 Ne7 16. Nf2 Be6 17. Qe2 b4 18. Ncd1 Rfe8 19. b3 a5 20. Bc1 Nf5 21. Qd2 Nd4 22. Bb2 a4 23. Bxd4 Bxd4 24. Kh1 Bg7 25. Re2 Nf6 26. Ne3 axb3 27. axb3 d5 28. Nfd1 Bh3 29. f5 Bxg2+ 30. Nxg2 Rxe2 31. Qxe2 Re8 32. Qf3 Re5 33. fxg6 fxg6 34. Re1 Rxe1+ 35. Nxe1 Qh3 36. Ne3 Kh7 37. N1g2 Qd7 38. Nf4 d4 39. Nc4 Qe7 40. Qe2 Qxe2 41. Nxe2 g5 42. Kg2 Kg6 43. h3 h5 44. Kf3 Kf5 45. g4+ hxg4+ 46. hxg4+ Ke6 1/2-1/2

[Event "Crawley e2e4 Gatwick op 11"]
[Site "Crawley"]
[Date "2013.11.03"]
[Round "5"]
[White "Truman, Richard G"]
[Black "Atako, Chino"]
[Result "1-0"]
[WhiteElo "1923"]
[BlackElo "2101"]
[PlyCount "97"]
[EventDate "2013.11.01"]
[EventType "swiss"]
[EventRounds "5"]
[EventCountry "ENG"]
[SourceTitle "EXT 2014"]
[Source "ChessBase"]
[SourceDate "2013.11.20"]
[SourceVersion "1"]
[SourceVersionDate "2013.11.20"]
[SourceQuality "1"]

1. d4 f5 2. Bg5 g6 3. Nd2 Bg7 4. e3 Nf6 5. Bc4 d5 6. Bb3 0-0 7. c4 c6 8. Ngf3 Be6 9. Qe2 Nbd7 10. Bf4 Ne4 11. Nxe4 fxe4 12. Ng5 Bf7 13. Nxf7 Rxf7 14. cxd5 cxd5 15. 0-0 e6 16. Rac1 Nf6 17. Be5 Nh5 18. Bxg7 Nxg7 19. Qg4 Nf5 20. Rc5 Qd6 21. Rfc1 Kg7 22. Rc8 Rxc8 23. Rxc8 Rc7 24. Rxc7+ Qxc7 25. Qd1 Nd6 26. Qc2 Qxc2 27. Bxc2 Nc4 28. b4 Kf6 29. Kf1 g5 30. Ke2 Nd6 31. f3 h5 32. fxe4 Nxe4 33. Bxe4 dxe4 34. b5 Kf5 35. a4 b6 36. Kd2 Kg4 37. Ke2 h4 38. Kf2 Kf5 39. Ke2 Kf6 40. Kd2 Kf5 41. Ke2 Kg4 42. Kf2 h3 43. g3 e5 44. d5 Kf5 45. g4+ Kf6 46. Kg3 Ke7 47. Kxh3 Kd6 48. Kg3 Kxd5 49. h4 1-0

[Event "Crawley e2e4 Gatwick op 11"]
[Site "Crawley"]
[Date "2013.11.01"]
[Round "1"]
[White "Zhang, Anthony"]
[Black "Atako, Chino"]
[Result "1-0"]
[WhiteElo "1872"]
[BlackElo "2101"]
[PlyCount "119"]
[EventDate "2013.11.01"]
[EventType "swiss"]
[EventRounds "5"]
[EventCountry "ENG"]
[SourceTitle "EXT 2014"]
[Source "ChessBase"]
[SourceDate "2013.11.20"]
[SourceVersion "1"]
[SourceVersionDate "2013.11.20"]
[SourceQuality "1"]

1. d4 Nf6 2. Nf3 g6 3. g3 Bg7 4. Bg2 0-0 5. 0-0 d6 6. Nc3 Nc6 7. e4 e5 8. dxe5 dxe5 9. Bg5 Bg4 10. h3 Bxf3 11. Bxf3 Qxd1 12. Bxd1 Nd4 13. Bxf6 Bxf6 14. Nd5 Bd8 15. c3 Ne6 16. Kg2 c6 17. Ne3 Nc5 18. Bc2 Bc7 19. Rad1 Rad8 20. Rxd8 Rxd8 21. Rd1 Kf8 22. Rxd8+ Bxd8 23. Kf3 h5 24. Ke2 Ke7 25. a3 Bc7 26. h4 f6 27. b4 Ne6 28. Bb3 Ng7 29. Bc2 a6 30. a4 Ne8 31. Bd3 Nd6 32. Nc4 Nc8 33. Nd2 Nb6 34. Bc2 Nd7 35. Nb3 Kd6 36. Bd3 c5 37. a5 Kc6 38. Bc4 cxb4 39. cxb4 Bd6 40. Bf7 g5 41. Bxh5 gxh4 42. gxh4 Kb5 43. Be8 Kxb4 44. Bxd7 Kxb3 45. Bc8 Kb4 46. h5 Bf8 47. Bxb7 Kxa5 48. Kf3 Kb6 49. Bd5 Kc5 50. Kg4 a5 51. Kf5 a4 52. Kxf6 a3 53. Kxe5 Bg7+ 54. Kf5 Kd4 55. f4 Bh6 56. Ba2 Kc5 57. e5 Kc6 58. e6 Kd6 59. Kf6 Bf8 60. Kf7 1-0

[Event "Sunningdale e2e4 op 07"]
[Site "Ascot"]
[Date "2013.07.06"]
[Round "3"]
[White "Atako, Chino"]
[Black "Oyama, Akito"]
[Result "1-0"]
[WhiteElo "2090"]
[BlackElo "1966"]
[PlyCount "71"]
[EventDate "2013.07.05"]
[EventType "swiss"]
[EventRounds "5"]
[EventCountry "ENG"]
[SourceTitle "CBM 155 Extra"]
[Source "ChessBase"]
[SourceDate "2013.08.26"]
[SourceVersion "1"]
[SourceVersionDate "2013.08.26"]
[SourceQuality "1"]

1. d4 f5 2. Nf3 Nf6 3. Bg5 e6 4. e3 d6 5. Bd3 Nbd7 6. Nbd2 Be7 7. 0-0 0-0 8. Qe2 h6 9. Bxf6 Nxf6 10. e4 d5 11. exf5 exf5 12. Nh4 Ne4 13. Ng6 Re8 14. Nxe7+ Rxe7 15. Rfe1 Rf7 16. Nf3 b6 17. Ne5 Rf6 18. c3 Bb7 19. Qc2 g6 20. Re2 c5 21. Qa4 a6 22. Rae1 b5 23. Qd1 c4 24. Bb1 Qd6 25. f3 Ng5 26. h4 Ne6 27. Qd2 g5 28. hxg5 Nxg5 29. Kf2 Raf8 30. Rh1 Kg7 31. Ke1 Bc8 32. Qf4 b4 33. Rh5 bxc3 34. bxc3 Ne6 35. Qg3+ Kh7 36. Bxf5+ 1-0

[Event "Hastings Masters op 88th"]
[Site "Hastings"]
[Date "2012.12.30"]
[Round "3"]
[White "Williams, Simon Kim"]
[Black "Atako, Chino"]
[Result "1-0"]
[WhiteElo "2515"]
[BlackElo "2117"]
[PlyCount "85"]
[EventDate "2012.12.28"]
[EventType "swiss"]
[EventRounds "10"]
[EventCountry "ENG"]
[SourceTitle "CBM 152 Extra"]
[Source "ChessBase"]
[SourceDate "2013.02.25"]
[SourceVersion "1"]
[SourceVersionDate "2013.02.25"]
[SourceQuality "1"]

1. e4 e6 2. Nf3 d5 3. Nc3 Nf6 4. e5 Nfd7 5. d4 c5 6. dxc5 Nc6 7. Bf4 Bxc5 8. Bd3 h6 9. Qe2 a6 10. 0-0 Nb4 11. h4 Be7 12. h5 Nc5 13. Nd4 Bd7 14. Qg4 Ncxd3 15. cxd3 Bg5 16. Rad1 Bxf4 17. Qxf4 Qg5 18. Qh2 f5 19. Nce2 0-0 20. Nf4 Rfe8 21. a3 Nc6 22. Nxc6 bxc6 23. d4 Reb8 24. Rd2 Rb3 25. Rc1 Rab8 26. Rcc2 Rxa3 27. g3 Rf3 28. Qg2 Rbb3 29. Rc3 Rfxc3 30. bxc3 Rxc3 31. Rb2 Qd8 32. Qf1 Rc4 33. Qb1 Qg5 34. Rb8+ Kh7 35. Ng6 Qxh5 36. Nf8+ Kg8 37. Nxd7+ Kf7 38. Nf8 Kg8 39. Nxe6+ Kh7 40. Nf8+ Kg8 41. e6 Rxd4 42. Nd7+ Kh7 43. Nf6+ 1-0

[Event "Hastings Masters op 88th"]
[Site "Hastings"]
[Date "2012.12.28"]
[Round "1"]
[White "Flynn, David"]
[Black "Atako, Chino"]
[Result "0-1"]
[WhiteElo "1921"]
[BlackElo "2117"]
[PlyCount "72"]
[EventDate "2012.12.28"]
[EventType "swiss"]
[EventRounds "10"]
[EventCountry "ENG"]
[SourceTitle "CBM 152 Extra"]
[Source "ChessBase"]
[SourceDate "2013.02.25"]
[SourceVersion "1"]
[SourceVersionDate "2013.02.25"]
[SourceQuality "1"]

1. e4 Nf6 2. e5 Nd5 3. d4 d6 4. c4 Nb6 5. Nf3 Bg4 6. exd6 cxd6 7. Nc3 g6 8. Be3 Bg7 9. h3 Bxf3 10. Qxf3 Nc6 11. Rd1 0-0 12. Be2 e5 13. d5 Nd4 14. Qe4 f5 15. Qd3 e4 16. Qd2 Nxe2 17. Bxb6 Qxb6 18. Kxe2 Qa6 19. Nb5 Qb6 20. Nd4 f4 21. b3 f3+ 22. Kf1 Bxd4 23. Qxd4 Qa5 24. Qd2 Qc5 25. Qd4 Qa3 26. Qd2 Rae8 27. g4 b5 28. cxb5 e3 29. fxe3 Qc5 30. Kf2 Qxb5 31. Rhe1 Qd7 32. e4 Qe7 33. Kf1 f2 34. Re3 Qe5 35. Ke2 f1Q+ 36. Rxf1 Qh2+ 0-1

[Event "GBR-ch 98th"]
[Site "Sheffield"]
[Date "2011.08.04"]
[Round "10"]
[White "Atako, Chino"]
[Black "Longson, Sarah N"]
[Result "0-1"]
[WhiteElo "2110"]
[BlackElo "2065"]
[PlyCount "86"]
[EventDate "2011.07.24"]
[EventType "swiss"]
[EventRounds "11"]
[EventCountry "ENG"]
[SourceTitle "CBM 143 Extra"]
[Source "ChessBase"]
[SourceDate "2011.08.29"]
[SourceVersion "1"]
[SourceVersionDate "2011.08.29"]
[SourceQuality "1"]

1. e4 c5 2. Nf3 Nc6 3. d4 cxd4 4. Nxd4 g6 5. Nc3 Bg7 6. Be3 Nf6 7. Bc4 0-0 8. Bb3 a5 9. 0-0 a4 10. Nxa4 Nxe4 11. Nb5 Ra6 12. f3 Nf6 13. Nac3 d6 14. Qd2 Bd7 15. Rad1 Na5 16. Rfe1 Nxb3 17. axb3 Ra5 18. Na3 Qc7 19. Nc4 Ra6 20. Bf2 Bc6 21. Na3 Rc8 22. b4 Be8 23. Nab1 Ra1 24. b5 Qd8 25. Qe3 e6 26. Qd3 d5 27. Bd4 Bd7 28. b3 Ra5 29. Qe3 Qe8 30. b6 Qf8 31. Qg5 h6 32. Qd2 Raa8 33. Ne2 Bc6 34. c4 dxc4 35. bxc4 Ba4 36. Rc1 Kh7 37. Nf4 Rd8 38. Qf2 Rxd4 39. Qxd4 Ng4 40. Qd2 Qc5+ 41. Kf1 Rd8 42. fxg4 Rxd2 43. Nxd2 Qd4 0-1